Malay in 3 weeks

Bibliographic Details
Main Author: Parry, John
Format: Book
Published: Selangor : Crescent News (K.L) Sdn. Bhd , 2012
Subjects:

MARC

LEADER 00000cam a2200000 7i4500
001 0000045815
005 20150215.0
008 150215
020 |a 9789674090319 
090 0 0 |a 499.238   |b PAR 
100 1 |a Parry, John 
245 1 0 |a Malay in 3 weeks   |c John Parry & Sahari bin Sulaiman 
260 |a Selangor :   |b Crescent News (K.L) Sdn. Bhd ,   |c 2012 
650 0 |a Malay language   |x Conversation and phrase books 
650 0 |a Malay language   |x Spoken Malay 
650 0 |a Malay language   |x Usage 
999 |a 0000356736   |b Book   |c Adult Collection   |e Cawangan Pontian 
999 |a 0001334622   |b Book   |c Adult Collection   |e Cawangan Bukit Gambir 
999 |a 0001334624   |b Book   |c Adult Collection   |e Cawangan Muar 
999 |a 0001334625   |b Book   |c Adult Collection   |e Cawangan Bandar Penawar 
999 |a 0001334626   |b Book   |c Adult Collection   |e Cawangan Tmn. Ungku Tun Aminah 
999 |a 0001334627   |b Book   |c Adult Collection   |e Cawangan Batu Pahat 
999 |a 0001334628   |b Book   |c Adult Collection   |e Cawangan Bandar Tenggara 
999 |a 0001334629   |b Book   |c Adult Collection   |e Cawangan Pontian 
999 |a 0001334630   |b Book   |c Adult Collection   |e Cawangan Tangkak 
999 |a 0001334631   |b Book   |c Adult Collection   |e Cawangan Segamat 
999 |a 0001334632   |b Book   |c Adult Collection   |e Cawangan Taman Sri Lambak 
999 |a 0001334633   |b Book   |c Adult Collection   |e Cawangan Mersing 
999 |a 0001334634   |b Book   |c Adult Collection   |e Cawangan Kota Tinggi 
999 |a 0001335834   |b Book   |c Adult Collection   |e Perbadanan Perpustakaan Awam Johor 
999 |a 0001335835   |b Book   |c Adult Collection   |e Perbadanan Perpustakaan Awam Johor 
999 |a 0001335836   |b Book   |c Adult Collection   |e Cawangan AEON Kulaijaya 
999 |a 0001335837   |b Book   |c Adult Collection   |e Cawangan Urban Transformation Centre 
999 |a 1334624   |b Book   |c Adult Collection   |e Cawangan Muar